| 000 | 01268nam0a22002651 4500 | ||
|---|---|---|---|
| 001 | rc\372220 | ||
| 005 | 20030307123757.6 | ||
| 035 | _a(NLR Aleph) 005603557 | ||
| 090 |
_a6338342 _c6338342 |
||
| 100 | _a20030307d1989 u |0rusy50 ca | ||
| 101 | 0 | _arus | |
| 102 | _aRU | ||
| 105 | _aa ||||||||| | ||
| 200 | 1 |
_aМАШИНОЧИТАЕМЫЕ документы в управленческой деятельности и архивах за рубежом _e(На примере США, Великобритании, Канады, Швеции) _eАналит. обзор _f[К. ист. н. А.Ю. Чуковенков] |
|
| 210 |
_aМ. _cВНИИДАД _cОЦНТИ _d1989 |
||
| 215 |
_a80 с. _cсхем. _d20 |
||
| 225 | 1 |
_aОбзорная информация _fВНИИ документоведения и арх. дела. Отрасл. ЦНТИ по документоведению и арх. делу _v№ 42 |
|
| 300 | _aВ надзаг. также: Гл. арх. упр. при Совете Министров СССР | ||
| 320 | _aБиблиогр.: с. 62-79 | ||
| 701 | 1 |
_aЧуковенков _bА. Ю. _gАлександр Юльевич |
|
| 801 | 0 |
_aRU _bNLR _gpsbo |
|
| 801 | 1 |
_aRU _bELAR _2rusmarc |
|
| 852 |
_aNLR _jП22/5449 |
||
| 942 | _cBOOK | ||
| 980 | _aNB | ||